000 00758nam a2200205 i 4500
001 156415
003 ES-MaACL
005 20230906210413.0
008 040729q1890 sp ac |||| | spa d
040 _aCAM
_bspa
_cCAM
100 1 _aJordana y Morera, Ramón.
_966937
245 1 0 _aEstudio forestal acerca de la India inglesa, Java y Filipinas /
_cpor Ramón Jordana y Morera.
260 _aMadrid :
_b[s.n.,
_c1890?.] (
_fImprenta de Moreno y Rojas)
300 _a304 p., [1] h. de lám. ;
_c24 cm.
599 _aLám.: retrato fot. de Máximo Laguna.
650 4 _aBosques-
_zIndia.
_9164074
650 4 _aBosques-
_zJava.
_9164075
650 4 _aBosques-
_zFilipinas.
_9164076
852 _aES-MaACL
_jG-9538
_z- Enc. hol.
_z- Enc. en un vol. facticio
999 _c156415
_d156415